Solid State physics
Պահպանված է:
| Հիմնական հեղինակ: | |
|---|---|
| Ձևաչափ: | Գիրք |
| Լեզու: | անգլերեն |
| Հրապարակվել է: |
Londres
John Wiley
1974
|
| Շարք: | <The >Manchester Physics Series
|
| Խորագրեր: | |
| Ցուցիչներ: |
Ավելացրեք ցուցիչ
Չկան պիտակներ, Եղեք առաջինը, ով նշում է այս գրառումը!
|
MARC
| LEADER | 00000nam a2200000 a 4500 | ||
|---|---|---|---|
| 001 | UCT5904 | ||
| 003 | CL-VaPUC | ||
| 008 | 961223e19740000UK |||||||||||||||||eng|d | ||
| 082 | 0 | 4 | |a 530.41 |b HAL |2 21 |
| 100 | |a Hall, Henry Edgar |e author |9 537815 | ||
| 245 | 1 | 0 | |a Solid State physics |
| 300 | |a 351 p | ||
| 942 | |c BK | ||
| 945 | |d 19961223 00:00:00 |a rleighto | ||
| 260 | |a Londres |b John Wiley |c 1974 | ||
| 650 | 7 | |a FISICA DE LOS SOLIDOS |2 CL-VaPUC |9 345855 | |
| 650 | 7 | |a ESTRUCTURA DE LOS CRISTALES |2 CL-VaPUC |9 375524 | |
| 650 | 7 | |a ELASTICIDAD |2 CL-VaPUC |9 266503 | |
| 650 | 7 | |a FUERZA ATOMICA |2 CL-VaPUC |9 375525 | |
| 650 | 0 | |a Dinámica |9 260136 | |
| 650 | 0 | |a Átomos |9 259583 | |
| 650 | 7 | |a ELECTRONES |2 CL-VaPUC |9 322158 | |
| 650 | 0 | |a Metales |9 260686 | |
| 650 | 0 | |a Magnetismo |9 260336 | |
| 650 | 0 | |a Ondas |9 260165 | |
| 650 | 7 | |a CONDUCTIVIDAD |2 CL-VaPUC |9 375526 | |
| 650 | 7 | |a SUPERCONDUCTIVIDAD |2 CL-VaPUC |9 314465 | |
| 583 | |a last modification |c 19961223 00:00:00 |k Rodrigo Vera | ||
| 490 | 0 | |a <The >Manchester Physics Series | |
| 999 | |c 254685 |d 254683 | ||